Учебные планы и программы для профессиональной подготовки и повышения квалификации рабочих на производстве; профессия: машинист центрального теплового щита управления котлами

書誌詳細
団体著者: Федеральное агентство по энергетике
要約:Заглавие с титульного экрана
Режим доступа: из корпоративной сети ТПУ
言語:ロシア語
出版事項: Москва, 2006
TOC:профессия: машинист центрального теплового щита управления котлами;
主題:
オンライン・アクセス:http://www.lib.tpu.ru/fulltext2/m/2010/m38.pdf
フォーマット: 電子媒体 図書
KOHA link:https://koha.lib.tpu.ru/cgi-bin/koha/opac-detail.pl?biblionumber=177458

MARC

LEADER 00000nlm0a2200000 4500
001 177458
005 20231101223331.0
035 |a (RuTPU)RU\TPU\book\192372 
090 |a 177458 
100 |a 20100318d2006 m y0rusy50 ca 
101 0 |a rus 
102 |a RU 
105 |a y j 000zy 
135 |a vrcn ---uucaa 
181 0 |a i  
182 0 |a b 
200 1 |a Учебные планы и программы для профессиональной подготовки и повышения квалификации рабочих на производстве  |b Электронный ресурс  |f Федеральное агентство по энергетике 
203 |a Текст  |c электронный 
210 |a Москва  |d 2006 
230 |a 1 компьютерный файл (pdf; 255 KB) 
300 |a Заглавие с титульного экрана 
333 |a Режим доступа: из корпоративной сети ТПУ 
337 |a Adobe Reader 
464 |t профессия: машинист центрального теплового щита управления котлами 
606 1 |a Квалификация  |2 stltpush  |3 (RuTPU)RU\TPU\subj\36262  |9 57703 
610 1 |a квалификация 
610 1 |a новые работники 
610 1 |a квалификация персонала 
610 1 |a тематические планы 
610 1 |a учебные планы 
610 1 |a программы 
610 1 |a производственное обучение 
610 1 |a квалификационные характеристики 
610 1 |a электронный ресурс 
610 1 |a повышение 
686 |a У9(2)240.3я73  |v LBC/SL-A  |2 rubbk 
712 0 2 |a Федеральное агентство по энергетике  |2 stltpush  |3 (RuTPU)RU\TPU\col\12134  |9 25340 
801 2 |a RU  |b 63413507  |c 20170113  |g RCR 
856 4 |u http://www.lib.tpu.ru/fulltext2/m/2010/m38.pdf 
942 |c CF